000 00482cam a2200157 4500500
005 20260405001457.0
041 _afre
042 _adc
100 1 0 _aPortevin, Catherine
_eauthor
245 0 0 _aThéorie du trou
260 _c2013.
500 _a98
690 _aLaurent de Sutter
786 0 _nPhilosophie magazine | 68 | 4 | 2013-04-01 | p. 57-57 | 1951-1787
856 4 1 _uhttps://shs.cairn.info/magazine-philosophie-magazine-2013-4-page-57?lang=fr&redirect-ssocas=7080
999 _c2048095
_d2048095